Colour in Church Interiors, Medieval and Beyond

Titel: Colour in Church Interiors, Medieval and Beyond / Anneli Randla, Hilkka Hiiop
Verfasser: ;
In: Baltic journal of art history, Band 21 (2021), Seite 61-77
alle Artikel anzeigen
Veröffentlicht: 2021
Umfang: 6 Illustrationen
Format: Aufsatz
Sprache: Englisch
Schlagworte:
Kein Bild verfügbar
X
alg: 49377285
001A    $03025:27-04-22 
001B    $01999:27-04-22 $t22:43:08.000 
001D    $03025:27-04-22 
001U    $0utf8 
001X    $00 
002@    $0Aou 
002C    $aText $btxt $2rdacontent 
002D    $aohne Hilfsmittel zu benutzen $bn $2rdamedia 
002E    $aBand $bnc $2rdacarrier 
003@    $0493772855 
007A    $0493772855 $aHEB 
010@    $aeng 
010E    $erda 
011@    $a2021 
021A    $aColour in Church Interiors, Medieval and Beyond $hAnneli Randla, Hilkka Hiiop 
028A    $BVerfasser $4aut $71171168683 $8Randla, Anneli$Z1970- [Tp3] $943867748X 
028C    $BVerfasser $#Hiiop, Hilkka $#Hiiop, Hikka $4aut $71050254708 $8Hiiop, Hilkka$Z1974- [Tp3] $9339333111 
031A    $d21 $g17 $h61-77 $j2021 
034M    $a6 Illustrationen 
039B    $aEnthalten in $8--Abvc--. Baltic journal of art history. - Tartu : Univ. of Tartu Press, 2009-. - ISSN 1736-8812 $x202100000210000939 $9224987135 
044K    $#Liivimaa $#Vidzeme $#Livonija $#Vidzeme $#Livonia $#Inflanty $74036075-1 $8Livland [Tg1] $9085097721 
044K    $RĖstljandskaja Gubernija $RĖstonskaja SSR $#Estland $#Estland $#Estnische SSR $#Eesti $#Estonskaja SSR $#EV $#Estonia 1918 - 1940, 1991 - $#Republik Estland $#Eesti Vabariik $#Republic of Estonia $#Ėstonskaja Respublika $#Estnische Republik $#Estonia 1918-1940 ; ab 1991 $#Estonia $#Estonie $74015587-0 $8Estland [Tg1] $9085035777 
044K    $RArchitektur $#Church architecture $#Architecture chrétienne $#Sakrale Architektur $#Sakralarchitektur $#Religiöse Architektur $#Kultgebäude $#Kultbau $74178936-2 $8Sakralbau [Ts1] $9085849723 
044K    $RKirchenbau $RArchitekturbild $74410221-5 $8Kircheninterieur [Ts1] $9088589269 
044K    $RMalerei $RWanddekoration $RDeckenmalerei $RFreskomalerei $RFassadenmalerei $#Mural painting and decoration $#Peinture et décoration murales $#Wandbild Malerei $74064542-3 $8Wandmalerei [Ts1] $9085181099 
044K    $RKunst $#Art and religion $#Arts and religion $#Art et religion $#Arts et religion $#Arte y religión $#Sakralkunst $#Sakrale Kunst $74193793-4 $8Religiöse Kunst [Ts1] $9085968226 
045F    $a709.47980902 $eDDC23BSB 
045F/01 $a709 
045F/03 $f0902 
045F/03 $g4798 
045R    $aGeschichte 1350-1600 
045T    $a9,10 

lok: 49377285 78

exp: 49377285 78 1 #EPN
201B/01 $027-04-22 $t14:14:57.000 
201C/01 $027-04-22 
201U/01 $0utf8 
203@/01 $01196514518 
208@/01 $a27-04-22 $be 
209A/01 $a/ $f000 $x00 
209A/01 $ab*p $x01 
220C/01 $akoe 
247C/01 $82080>Marburg/Lahn, Herder-Institut, Forschungsbibliothek, Bibliographieportal $9336309341
LEADER 00000caa a2200000 c 4500
001 493772855
003 DE-603
005 20220427224308.0
007 tu
008 220427s2021 xx |||| | u00||u|eng c
035 |a (DE-599)HEB493772855 
040 |a DE-603  |b ger  |c DE-603  |d DE-603  |e rda 
041 |a eng 
082 0 4 |8 1\u  |a 709.47980902  |q DE-101  |2 23/BSB 
084 |a 9,10  |2 ssgn 
085 |8 1\u  |b 709 
085 |8 1\u  |z 1  |s 0902 
085 |8 1\u  |z 2  |s 4798 
100 1 |a Randla, Anneli  |d 1970-  |e Verfasser  |4 aut  |0 (DE-603)43867748X  |0 (DE-588)1171168683  |2 gnd 
245 0 0 |a Colour in Church Interiors, Medieval and Beyond  |c Anneli Randla, Hilkka Hiiop 
264 0 |c 2021 
300 |b 6 Illustrationen 
336 |a Text  |b txt  |2 rdacontent 
337 |a ohne Hilfsmittel zu benutzen  |b n  |2 rdamedia 
338 |a Band  |b nc  |2 rdacarrier 
648 7 |a Geschichte 1350-1600  |2 gnd 
650 7 |a Sakralbau  |0 (DE-588)4178936-2  |0 (DE-603)085849723  |2 gnd 
650 7 |a Kircheninterieur  |0 (DE-588)4410221-5  |0 (DE-603)088589269  |2 gnd 
650 7 |a Wandmalerei  |0 (DE-588)4064542-3  |0 (DE-603)085181099  |2 gnd 
650 7 |a Religiöse Kunst  |0 (DE-588)4193793-4  |0 (DE-603)085968226  |2 gnd 
651 7 |a Livland  |0 (DE-588)4036075-1  |0 (DE-603)085097721  |2 gnd 
651 7 |a Estland  |0 (DE-588)4015587-0  |0 (DE-603)085035777  |2 gnd 
700 1 |a Hiiop, Hilkka  |d 1974-  |e Verfasser  |4 aut  |0 (DE-603)339333111  |0 (DE-588)1050254708  |2 gnd 
773 0 8 |i Enthalten in  |t Baltic journal of art history  |d Tartu : Univ. of Tartu Press, 2009-  |h 24 cm  |x 1736-8812  |g Band 21 (2021), Seite 61-77  |w (DE-603)224987135  |w (DE-600)2563410-0 
924 0 |9 2080  |a (DE-603)1196514518  |b DE-2080  |c HES  |d d  |g /